000 00452nam a2200181Ia 4500
001 16243
005 20260306170255.0
008 260306t2009||||xx |||||||||||||| ||und||
041 _aESP
082 _a347.51
_bF67
100 _aFlury, Hans A.
_eAUT
245 0 _aLas sucursales en el derecho societario del Perú:
_buna aproximación práctica
260 _c2009
300 _a
_c
650 _aGEN
654 _aCDE
942 _cLIB
_dJUS
_fJUS
_2ddc
_n
999 _c16243
_d16243